000 00951nam a22002057a 4500
003 OSt
005 20160620110344.0
008 140214b2005 els spa
040 _cBMC
082 _a658
100 1 _936142
_aGranada Linares, Angélica Beatriz
245 1 0 _aPasantía de asistente a la gerencia general de la asociación de trabajdores de Cemento de El Salvador S.A. de C.V.
_b: Informe final
_cAngélica Beatriz Granada Linares
260 _aSanta Ana (El Salvador)
_bUniversidad Católica de Occidente
_c2005
300 _a1 v. (pág. var.)
_c27 cm
_e+ 1 disco compacto
500 _aPrecede al tít.: Universidad Católica de Occidente, Facultad de Ciencias Económicas
502 _aTrabajo de graduación para optar al grado académico de Licenciatura en Administración de Empresas
650 2 4 _94915
_aGestión
710 2 _91067
_aUniversidad Católica de El Salvador
_bFacultad de Ciencias Empresariales
942 _2ddc
_cTG
999 _c22375
_d22375